| 000 | 01812cam a2200361 a 4500 | ||
|---|---|---|---|
| 001 | 15264678 | ||
| 005 | 20081105070741.0 | ||
| 008 | 080417s2008 enka b 001 0 eng | ||
| 010 | _a 2008017601 | ||
| 015 |
_aGBA877908 _2bnb |
||
| 016 | 7 |
_a014646952 _2Uk |
|
| 020 | _a0749453753 | ||
| 020 | _a9780749453756 | ||
| 035 | _a(OCoLC)ocn225852458 | ||
| 035 | _a(OCoLC)225852458 | ||
| 040 |
_aDLC _cDLC _dDLC |
||
| 050 | 0 | 0 |
_aHF5549 _b.A89784 2008 |
| 082 | 0 | 0 |
_a658.3 _222 _bARM |
| 100 | 1 |
_aArmstrong, Michael, _d1928- _923156 |
|
| 245 | 1 | 0 |
_aStrategic Human Resource Management : _bA Guide to Action / _cMichael Armstrong. |
| 250 | _a4th ed. | ||
| 260 |
_aLondon ; _aPhiladelphia : _bKogan Page, 2008 _c2008. |
||
| 300 |
_aviii, 248 p. : _bill. ; _c24 cm. |
||
| 504 | _aIncludes bibliographical references (p. [226]-240) and indexes. | ||
| 650 | 0 |
_aPersonnel management. _923157 |
|
| 856 | 4 | 2 |
_3Contributor biographical information _uhttp://www.loc.gov/catdir/enhancements/fy0902/2008017601-b.html |
| 856 | 4 | 1 |
_3For further case studies and paper abstracts _uhttp://www.koganpage.com/strategicHRM |
| 942 |
_2ddc _cNB |
||
| 999 |
_c15136 _d15136 |
||